|
|
|
|
| LEADER |
00000nam0a2200000 4500 |
| 001 |
34025 |
| 005 |
20231030223130.0 |
| 035 |
|
|
|a (RuTPU)RU\TPU\book\34400
|
| 035 |
|
|
|a BOOK00001051
|
| 090 |
|
|
|a 34025
|
| 100 |
|
|
|a 20011210d1986 m y0rusy50 ca
|
| 101 |
0 |
|
|a rus
|
| 102 |
|
|
|a RU
|
| 105 |
|
|
|a y j 000zy
|
| 200 |
1 |
|
|a Теплообмен в ядерных энергетических установках
|e учебное пособие
|f Б. С. Петухов, Л. Г. Генин, С. А. Ковалев
|g Под ред. Б. С. Петухова
|
| 205 |
|
|
|a 2-е изд., перераб. и доп.
|
| 210 |
|
|
|a Москва
|c Энергоатомиздат
|d 1986
|
| 215 |
|
|
|a 472 с.
|
| 451 |
|
1 |
|0 (RuTPU)RU\TPU\book\63588
|y 5-7046-0843-4
|t Теплообмен в ядерных энергетических установках
|o учебное пособие
|f Б. С. Петухов, Л. Г. Генин, С. А. Ковалев, С. Л. Соловьев
|e 3-е изд., перераб. и доп.
|c Москва
|n Изд-во МЭИ
|d 2003
|p 548 с.
|a Петухов, Борис Сергеевич
|
| 451 |
|
1 |
|0 (RuTPU)RU\TPU\book\71140
|t Теплообмен в ядерных энергетических установках
|o учебное пособие
|f Б. С. Петухов, Л. Г. Генин, С. А. Ковалев
|g Под ред. Б. С. Петухова
|c Москва
|n Атомиздат
|d 1974
|p 408 с.
|
| 610 |
1 |
|
|a теплообмены
|
| 610 |
1 |
|
|a ядерные энергетические установки
|
| 610 |
1 |
|
|a теория
|
| 610 |
1 |
|
|a расчеты
|
| 610 |
1 |
|
|a учебные пособия
|
| 675 |
|
|
|a 621.039.55(075.8)
|v 3
|
| 700 |
|
1 |
|a Петухов
|b Б. С.
|g Борис Сергеевич
|
| 701 |
|
1 |
|a Генин
|b Л. Г.
|g Леонид Григорьевич
|
| 701 |
|
1 |
|a Ковалев
|b С. А.
|g Сергей Алексеевич
|
| 702 |
|
1 |
|a Петухов
|b Б. С.
|g Борис Сергеевич
|4 340
|
| 801 |
|
0 |
|a RU
|b 63413507
|c 20011210
|g PSBO
|
| 801 |
|
2 |
|a RU
|b 63413507
|c 20220720
|g PSBO
|
| 900 |
|
|
|a Экстремальные условия теплообмена
|
| 900 |
|
|
|a Теоретические основы теплотехники
|
| 942 |
|
|
|c BK
|